Normal view
MARC view
Entry Personal Name
001 - CONTROL NUMBER
- control field: 26563
003 - CONTROL NUMBER IDENTIFIER
- control field: OSt
005 - DATE AND TIME OF LATEST TRANSACTION
- control field: 20210809120118.0
008 - FIXED-LENGTH DATA ELEMENTS
- fixed length control field: 210809|| aca||aabn | a|a d
040 ## - CATALOGING SOURCE
- Original cataloging agency: OSt
- Transcribing agency: OSt
100 ## - HEADING--PERSONAL NAME
- Personal name: Tom, Ashmy and Sumalatha, B. S.
670 ## - SOURCE DATA FOUND
- Source citation: Work cat.: (OSt)517377: Tom, Ashmy and Sumalatha, B. S. , Infant mortality in India: An analysis on spatial and sex-wise differences and factors determining the infant mortality rate
